000
00305nam a22001217a 4500
082
_a
621.381542 RID'E
100
_a
RIDER, J.F
_9
80135
245
_a
ENCYCLOPEDIA ON CATHODE RAY OSCILLOSCOPES AND THEIR USES
250
_a
2ND
260
_a
LONDON
_b
JOHN RIDER
_c
1959
300
_a
XIX,25-232P
942
_c
BK
999
_c
585099
_d
585099